ბათუმის შოთა რუსთაველის სახელმწიფო უნივერსიტეტის ბიბლიოთეკა

Aspekte. Mittelstufe Deutsch .:Arbeitsbuch 2. Niveau B2 : (ბიბ.ჩანაწერი № 50390)

000 -LEADER
fixed length control field 00856nam a2200253Ia 4500
001 - CONTROL NUMBER
control field 17333
003 - CONTROL NUMBER IDENTIFIER
control field GE_BSU
005 - DATE AND TIME OF LATEST TRANSACTION
control field 20210125142355.0
008 - FIXED-LENGTH DATA ELEMENTS--GENERAL INFORMATION
fixed length control field 181216s2008||||dk |||||||||||||| ||ger||
020 ## - INTERNATIONAL STANDARD BOOK NUMBER
International Standard Book Number 9783468474828
040 ## - CATALOGING SOURCE
Transcribing agency GE_BSU
080 ## - UNIVERSAL DECIMAL CLASSIFICATION NUMBER
Universal Decimal Classification number 811.112
100 ## - MAIN ENTRY--PERSONAL NAME
Personal name Koithan, Ute.
9 (RLIN) 10081
245 ## - TITLE STATEMENT
Title Aspekte. Mittelstufe Deutsch .:Arbeitsbuch 2. Niveau B2 :
Remainder of title Arbeitsbuch /
Statement of responsibility, etc. Ute Koithan, Schmitz, Helen., Sieben, Tanja., Sonntag, Ralf.
264 ## - PRODUCTION, PUBLICATION, DISTRIBUTION, MANUFACTURE, AND COPYRIGHT NOTICE
Place of production, publication, distribution, manufacture Berlin,
Date of production, publication, distribution, manufacture, or copyright notice 2008.
300 ## - PHYSICAL DESCRIPTION
Extent 184 p.
Other physical details +CD ROM
653 ## - INDEX TERM--UNCONTROLLED
keyword Arbeitsbuch
653 ## - INDEX TERM--UNCONTROLLED
keyword Aspekte. Mittelstufe Deutsch .:Arbeitsbuch 2. Niveau B2
653 ## - INDEX TERM--UNCONTROLLED
keyword გერმანული ენა
700 ## - ADDED ENTRY--PERSONAL NAME
Personal name Schmitz, Helen.
Relator term ავტორი
9 (RLIN) 10081
700 ## - ADDED ENTRY--PERSONAL NAME
Personal name Sieben, Tanja
Relator term ავტორი
9 (RLIN) 10081
700 ## - ADDED ENTRY--PERSONAL NAME
Personal name Sonntag, Ralf
Relator term ავტორი
9 (RLIN) 10081
942 ## - ADDED ENTRY ELEMENTS (KOHA)
Koha item type წიგნი
Source of classification or shelving scheme
ეგზემპლარები
Withdrawn status Lost status Source of classification or shelving scheme Damaged status Not for loan Permanent Location Current Location Shelving location Date acquired Cost, normal purchase price Full call number Barcode Date last seen Copy number Price effective from Koha item type Public note
          ბათუმის შოთა რუსთაველის სახელმწიფო უნივერსიტეტის მთავარი ბიბლიოთეკა ბათუმის შოთა რუსთაველის სახელმწიფო უნივერსიტეტის მთავარი ბიბლიოთეკა წიგნსაცავი 2018-12-17 10.00 811.112 1488 2018-12-17 1488 2018-12-17 წიგნი 10 ლ.